Statystyki dla PKO Ekstraklasa obcokrajowcy sezon 2019/2020

Kliknij tutaj aby rozwiązać quiz!

Ogólne statystyki

  • Ten quiz został rozwiązany 455 razy
    (454 od ostatniego zresetowania)
  • Średni wynik to 34 z 48

Statystyki odpowiedzi

Liczba ZawodnikówKontynentKraj% Poprawnych
18EuropaHiszpania
97%
21EuropaSłowacja
97%
7Ameryka PołudniowaBrazylia
96%
2EuropaRosja
96%
8EuropaCzechy
95%
2EuropaNiemcy
95%
10EuropaPortugalia
94%
6EuropaUkraina
93%
1EuropaLitwa
92%
2EuropaFrancja
90%
9EuropaSłowenia
90%
2EuropaŁotwa
88%
15EuropaSerbia
87%
2EuropaSzwecja
87%
14EuropaChorwacja
86%
2Ameryka PółnocnaUSA
86%
1Ameryka PołudniowaArgentyna
84%
2EuropaNorwegia
84%
2EuropaFinlandia
83%
3EuropaDania
81%
3EuropaAnglia
80%
4EuropaGrecja
80%
3EuropaWęgry
80%
3EuropaAustria
78%
4EuropaHolandia
78%
3EuropaRumunia
74%
1EuropaIrlandia
71%
2EuropaBośnia i Hercegowina
70%
1EuropaBułgaria
70%
1Europa/AzjaKazachstan
69%
6EuropaCzarnogóra
68%
4Europa/AzjaGruzja
67%
1EuropaAlbania
62%
1EuropaMacedonia
61%
2Ameryka PołudniowaUrugwaj
59%
1EuropaIslandia
58%
2EuropaKosowo
58%
1AfrykaRPA
57%
1OceaniaNowa Zelandia
56%
1Europa/AzjaIzrael
49%
1AfrykaMaroko
46%
1AzjaIndonezja
40%
1AfrykaDemokratyczna Republika Konga
39%
1Ameryka PółnocnaKostaryka
35%
1AfrykaGwinea
27%
1AfrykaZambia
26%
1AfrykaGambia
21%
1AzjaAfganistan
15%

Rozkład punktacji

Percentyl według liczby udzielonych odpowiedzi

Procent ludzi z każdym wynikiem

Twoja historia wyników

Nie rozwiązałeś tego quizu od ostatniego zresetowania